Taylor Swift Songs (September 2025) - Statistics

General Stats
  • This quiz has been taken 20 times
  • The average score is 214 of 254
Answer Stats
% Correct
Midnights (Til Dawn Edition) A Perfectly Good Heart
100%
Breathe (feat. Colbie Caillat)
100%
Bye Bye Baby
100%
Speak Now (Taylor's Version) Cold As You
100%
Don't You
100%
Fearless
100%
Fifteen
100%
Forever & Always
100%
Hey Stephen
100%
Midnights I'm Only Me When I'm With You
100%
Midnights (3 Am Edition) Invisible
100%
Lover
100%
Love Story
100%
folklore Mary's Song (Oh My My My)
100%
Mr. Perfectly Fine
100%
Ours
100%
evermore Our Song
100%
Taylor Swift Deluxe Picture to Burn
100%
Lover Should've Said No
100%
reputation Stay Beautiful
100%
The Taylor Swift Holiday Collection Teardrops on My Guitar
100%
Tell Me Why
100%
The Other Side Of The Door
100%
Red (Taylor's Version) The Outside
100%
The Way I Loved You
100%
1989 (Taylor's Version) Tied Together with a Smile
100%
Taylor Swift Tim McGraw
100%
White Horse
100%
You All Over Me (feat. Maren Morris)
100%
22
83%
Actually Romantic
83%
All Too Well
83%
All Too Well (10 Minute Version)
83%
All You Had To Do Was Stay
83%
Anti-Hero
83%
Fearless (Taylor's Version) A Place In This World
83%
august
83%
Babe
83%
Back To December
83%
Bad Blood
83%
Bad Blood (feat. Kendrick Lamar)
83%
Begin Again
83%
Bejeweled
83%
Better Man
83%
Better Than Revenge
83%
betty
83%
Bigger Than The Whole Sky
83%
Blank Space
83%
But Daddy I Love Him
83%
Call It What You Want
83%
cardigan
83%
Cassandra
83%
Castles Crumbling (feat. Hayley Williams)
83%
champagne problems
83%
Change
83%
Chloe or Sam or Sophia or Marcus
83%
Clara Bow
83%
Clean
83%
Come Back...Be Here
83%
coney island (feat. The National)
83%
Cornelia Street
83%
cowboy like me
83%
Cruel Summer
83%
Dancing With Our Hands Tied
83%
Daylight
83%
Dear John
83%
Dear Reader
83%
Delicate
83%
Don't Blame Me
83%
Down Bad
83%
Dress
83%
Eldest Daughter
83%
Electric Touch (feat. Fall Out Boy)
83%
Elizabeth Taylor
83%
Enchanted
83%
End Game (feat. Ed Sheeran & Future)
83%
epiphany
83%
evermore (feat. Bon Iver)
83%
Everything Has Changed (feat. Ed Sheeran)
83%
exile (feat. Bon Iver)
83%
False God
83%
Father Figure
83%
Florida!!! (feat. Florence + the Machine)
83%
Foolish one
83%
Forever & Always (Piano Version)
83%
Forever Winter
83%
Fortnight (feat. Post Malone)
83%
Fresh Out The Slammer
83%
Getaway Car
83%
Girl At Home
83%
Glitch
83%
gold rush
83%
Gorgeous
83%
Guilty as Sin?
83%
happiness
83%
Haunted
83%
High Infidelity
83%
Hits Different
83%
hoax
83%
Holy Ground
83%
Honey
83%
How Did It End?
83%
How You Get The Girl
83%
I Almost Do
83%
I Bet You Think About Me (feat. Chris Stapleton)
83%
I Can Do It With a Broken Heart
83%
I Can Fix Him (No Really I Can)
83%
I Can See You
83%
I Did Something Bad
83%
I Forgot That You Existed
83%
I Hate It Here
83%
I Knew You Were Trouble
83%
I Know Places
83%
illicit affairs
83%
I Look in People's Windows
83%
imgonnagetyouback
83%
Innocent
83%
invisible string
83%
Is It Over Now?
83%
I Think He Knows
83%
It's Nice To Have A Friend
83%
it's time to go
83%
ivy
83%
I Wish You Would
83%
Karma
83%
Karma (feat. Ice Spice)
83%
King of My Heart
83%
Labyrinth
83%
Last Kiss
83%
Lavender Haze
83%
loml
83%
London Boy
83%
Long Live
83%
long story short
83%
Look What You Made Me Do
83%
mad woman
83%
marjorie
83%
Maroon
83%
Mastermind
83%
Mean
83%
ME! (feat. Brendon Urie of Panic! At The Disco)
83%
Message In A Bottle
83%
Midnight Rain
83%
Mine
83%
mirrorball
83%
Miss Americana & The Heartbreak Prince
83%
My Boy Only Breaks His Favorite Toys
83%
my tears ricochet
83%
Never Grow Up
83%
New Romantics
83%
New Year's Day
83%
no body, no crime (feat. HAIM)
83%
Nothing New (feat. Phoebe Bridgers)
83%
Now That We Don't Talk
83%
Opalite
83%
Out Of The Woods
83%
Paper Rings
83%
peace
83%
Peter
83%
Question...?
83%
...Ready For It?
83%
Red
83%
right where you left me
83%
Robin
83%
Ronan
83%
Ruin The Friendship
83%
Run (feat. Ed Sheeran)
83%
Sad Beautiful Tragic
83%
Say Don't Go
83%
seven
83%
Shake It Off
83%
"Slut!"
83%
Snow On The Beach (feat. Lana Del Rey)
83%
Snow On The Beach (feat. More Lana Del Rey)
83%
So High School
83%
So It Goes...
83%
So Long, London
83%
Soon You'll Get Better (feat. The Chicks)
83%
Sparks Fly
83%
Speak Now
83%
Starlight
83%
State Of Grace
83%
State Of Grace (Acoustic Version)
83%
Stay Stay Stay
83%
Style
83%
Suburban Legends
83%
Superman
83%
Superstar
83%
Sweet Nothing
83%
That's When (feat. Keith Urban)
83%
the 1
83%
The Albatross
83%
The Alchemy
83%
The Archer
83%
The Best Day
83%
The Black Dog
83%
The Bolter
83%
The Fate of Ophelia
83%
The Great War
83%
the lakes
83%
the last great american dynasty
83%
The Last Time (feat. Gary Lightbody)
83%
The Life of a Showgirl (feat. Sabrina Carpenter)
83%
The Lucky One
83%
The Man
83%
The Manuscript
83%
The Moment I Knew
83%
The Prophecy
83%
The Smallest Man Who Ever Lived
83%
The Story Of Us
83%
The Tortured Poets Department
83%
The Very First Night
83%
this is me trying
83%
This Is Why We Can't Have Nice Things
83%
This Love
83%
Timeless
83%
'tis the damn season
83%
Today Was A Fairytale
83%
tolerate it
83%
Treacherous
83%
Untouchable
83%
Vigilante Shit
83%
We Are Never Ever Getting Back Together
83%
Welcome To New York
83%
When Emma Falls In Love
83%
The Life of a Showgirl White Christmas
83%
Who's Afraid of Little Old Me?
83%
Wi$h Li$t
83%
Wildest Dreams
83%
willow
83%
Wonderland
83%
Wood
83%
Would've, Could've, Should've
83%
You Are In Love
83%
You Belong With Me
83%
You Need To Calm Down
83%
You're Losing Me
83%
You're Not Sorry
83%
You're On Your Own, Kid
83%
Afterglow
67%
CANCELLED!
67%
closure
67%
Come In With The Rain
67%
Death By A Thousand Cuts
67%
dorothea
67%
Jump Then Fall
67%
The Tortured Poets Department Last Christmas
67%
Paris
67%
g Santa Baby
67%
thanK you aIMee
67%
We Were Happy
67%
The Tortured Poets Department (The Anthology) Christmases When You Were Mine
50%
g Christmas Must Be Something More
50%
g Silent Night
50%
No matching quizzes found
Score Distribution
Percent of People with Each Score
Percentile by Number Answered
Your Score History
You have not taken this quiz